000 00519 a2200145 4500
999 _c484
_d484
020 _atcgc135129
050 _aBR1608.U45 FAU 1962
100 _aFaupel, J. F. (John F.)
_eauthor
245 _aAfrican holocaust :
_bthe story of the Uganda martyrs /
_cJ. F. Faupel.
264 _aLondon :
_bSt Paul Publications, Africa,
_c1962
300 _ax, 245p. 3 unnumbered leaves of plates :
_bill.
500 _aBibliography: p. 233-236. Includes index.
650 _aChristian martyrs
_xUganda
942 _2lcc
_cBK
_h1608.U45
_iFAU
_kBR